Click the Red Sea Countries Quiz Stats

Quiz Updated Oct 6, 2017

Challenge
Share
Tweet
Score 0/8 Timer 00:30
4 Plays Today
% Correct
Saudi Arabia
94%
Egypt
93.8%
Sudan
90%
Yemen
90%
Israel
88.3%
Jordan
86.3%
Eritrea
84.5%
Djibouti
74.6%

You're not logged in!

Compare scores with friends on all Sporcle quizzes.
Join for Free
OR
Log In

You Might Also Like...

Show Comments

Extras

Top Quizzes Today


Score Distribution

Your Account Isn't Verified!

In order to create a playlist on Sporcle, you need to verify the email address you used during registration. Go to your Sporcle Settings to finish the process.

Report this User

Report this user for behavior that violates our Community Guidelines.

Details: